Pathways to Competence / Encouraging Healthy Social and Emotional Development in Young Children (Record no. 8137)
[ view plain ]
| 000 -LEADER | |
|---|---|
| fixed length control field | 01480cam a22001934a 4500 |
| 005 - ΗΜΕΡΟΜΗΝΙΑ ΚΑΙ ΩΡΑ ΤΕΛΕΥΤΑΙΑΣ ΕΝΗΜΕΡΩΣΗΣ | |
| Πεδίο ελέγχου | 20250605164327.0 |
| 008 - FIXED-LENGTH DATA ELEMENTS--GENERAL INFORMATION | |
| Πεδίο ελέγχου σταθερού μήκους | 250528s ||||||||||||||||||||||||d |
| 035 ## - SYSTEM CONTROL NUMBER | |
| System control number | 23107 |
| 040 ## - ΠΗΓΗ ΚΑΤΑΛΟΓΟΓΡΑΦΗΣΗΣ | |
| Φορέας πρωτότυπης καταλογογράφησης | MC Athens Campus Library |
| Γλώσσα καταλογογράφησης | Ελληνικά, Μοντέρνα (1453-) |
| Modifying agency | MC Athens Campus Library |
| Κανόνες περιγραφικής καταλογογράφησης | AACR2 |
| 245 1# - ΤΙΤΛΟΣ ΚΑΙ ΔΗΛΩΣΗ ΥΠΕΥΘΥΝΟΤΗΤΑΣ | |
| Τίτλος | Pathways to Competence / Encouraging Healthy Social and Emotional Development in Young Children |
| 260 ## - PUBLICATION, DISTRIBUTION, ETC. | |
| Name of publisher, distributor, etc. | Paul H. Brookes Publishing Co, |
| Date of publication, distribution, etc. | 2002 |
| 300 ## - PHYSICAL DESCRIPTION | |
| Extent | 582 |
| 520 ## - SUMMARY, ETC. | |
| Summary, etc. | In this comprehensive reference, professionals who provide child care and early interventions services will fully explore the social and emotional development of young children discovering not only how to interact positively with children and families they serve, but also how to influence parent child interactions. Foreword, Acknowledgements, Introduction: Starting on the Pathway, Understanding Early Child Development and Temperament, Helping Children Develop Body Control and a Positive Body Image, Developing a Secure Attachment, Encouraging Play and Imagination, Encouraging Language and Communication, Laying a Foundation for Positive Self Esteem, Discipling to Encourage Self Regulation and Morality and a Sense of Conscience, Encouraging Emotion Regulation, Encouraging Concentration and Planning and Problem Solving, Encouraging Social Competence and Empathy and Caring Behavior, Epilogue: Putting Pieces Together, Index. |
| 700 1# - ΠΡΟΣΘΕΤΗ ΑΝΑΓΡΑΦΗ--ΦΥΣΙΚΟ ΠΡΟΣΩΠΟ | |
| Personal name | Landy Sarah |
| 9 (RLIN) | 8662 |
| 700 1# - ΠΡΟΣΘΕΤΗ ΑΝΑΓΡΑΦΗ--ΦΥΣΙΚΟ ΠΡΟΣΩΠΟ | |
| Personal name | Osofsky Joy D |
| 9 (RLIN) | 8663 |
| 942 ## - ADDED ENTRY ELEMENTS (KOHA) | |
| Koha item type | Books |
| Τύπος τεκμηρίου | Βιβλιοθήκη | Τρέχουσα τοποθεσία | Barcode | Αριθμός εισαγωγής | Ημερομηνία απόκτησης | Ταξιθετικό σύμβολο | Αριθμός αντιτύπου | Κατάσταση απόσυρσης | Κατάσταση χαμένου | Κατάσταση κατεστραμμένου | Μη δανεισμός | Σύνολο δανεισμών | Ημερομηνία τελευταίας εμφάνισης | Η τιμή ισχύει από |
|---|---|---|---|---|---|---|---|---|---|---|---|---|---|---|
| Books | MC Athens Campus Library | MC Athens Campus Library | 9780000081360 | 7660 | 05/06/2025 | REF 305.231 LAN | 1 | 05/06/2025 | 05/06/2025 |